| 000 | 00568nam a2200133Ia 4500 | ||
|---|---|---|---|
| 008 | 100328s9999 xx 000 0 und d | ||
| 082 | _b59190 | ||
| 100 | _aसबनीस वसंत. | ||
| 245 | _aअंधारात आर्धा तास (संमिश्र एकांकिका). | ||
| 260 | _bआभा. | ||
| 630 | _aअंधारात आर्धा तास (संमिश्र एकांकिका). | ||
| 730 | _aअंधारात आर्धा तास (संमिश्र एकांकिका). | ||
| 942 | _cBOOK | ||
| 999 |
_c545447 _d545444 |
||